Türkiye'den Avrupa'ya göç = Turkish Migration to Europe (Record no. 2670)

MARC details
000 -BAŞLIK
Sabit Uzunlukta Kontrol Alanı 00744na a2200253 4500
001 - KONTROL NUMARASI
Denetim Alanı 23611
003 - KONTROL NUMARASI IDENTIFIER
Denetim Alanı MIRAKIL
005 - SON İŞLEM TARİHİ VE ZAMANI
Denetim Alanı 20181213154906.0
008 - SABİT-BOY VERİ ELEMANLARI - GENEL BİLGİLER
Sabit Uzunlukta Kontrol Alanı 171108b tu 000 0
020 ## - ULUSLARARASI STANDART KİTAP NUMARASI
Uluslararası Standart Kitap Numarası 9757820113
040 ## - KATALOGLAMA KAYNAK
Orijinal Kataloglama Ajansı Milas
Kataloglama Dili tur
Metne Dönüştürmek Ajansı TR-AnCHP
041 ## - DİL KODU
Metin / Ses Parça Veya Ayrı Başlığın Dil Kodu tur
-- eng
082 ## - DEWEY ONLU SINIFLANDIRMA NUMARASI
Sınıflandırma Numarası 304.840561
Ürün Numarası U74t 1999
090 ## - SINIFLAMA NUMARASI
Sınıflama Numarası 304.840561 U74t 1999
100 ## - ANA GİRİŞ - KİŞİSEL İSİM
Kişisel Ad Uslu, Salim
245 ## - BAŞLIK TABLOSU
Başlık Türkiye'den Avrupa'ya göç = Turkish Migration to Europe
Sorumluluk Tablosu, Vb Salim Uslu, Giacomina Cassina
260 ## - YAYIN, DAĞITIM, VB
Yayın, Dağıtım, Vb Yeri Ankara
Yayıncı, Dağıtıcı, Vs Adı Hak-İş
Yayın, Dağıtım, Vb Tarihi 1999
Üretici Firma Nakkaş Matbaa
300 ## - FİZİKSEL TANIM
Kapsam 126 s.
Boyutlar 20 sm.
440 ## - SERİSİ TABLOSU / KATMA GİRİŞİ - BAŞLIK
Başlık Hak-İş Yayınları
Hacim / Ardışık Tanımı 43
650 ## - KONU KATMA GİRİŞ - TOPİKAL DÖNEM
Topikal Süreli Veya Coğrafi Ad Giriş Elemanı Göç
Coğrafi Alt Bölümü Türkiye
650 ## - KONU KATMA GİRİŞ - TOPİKAL DÖNEM
Topikal Süreli Veya Coğrafi Ad Giriş Elemanı Göç Hareketleri
Genel Alt Bölümü Türkiye
Coğrafi Alt Bölümü Avrupa
650 ## - KONU KATMA GİRİŞ - TOPİKAL DÖNEM
Topikal Süreli Veya Coğrafi Ad Giriş Elemanı Göç ve göçmenlik
942 ## - EKLENDİ GİRİŞ ELEMANLARI (KOHA)
Sınıflandırma Veya Raf Düzeni Kaynak
Koha Öğesi Türü Books
999 ## - SİSTEM KONTROL NUMARALARI (KOHA)
Koha Biblionumber 2670
Koha Biblioitemnumber 2670
Holdings
Kalıcı Konum Mevcut Konum Edinme Tarihi Edinim Kaynak Toplam Check-Out'Lar Tam Çağrı Numarası Barkod Tarih Son Görülme İtibaren Geçerli Fiyatlar Koha Öğesi Türü
CHP Kütüphanesi CHP Kütüphanesi 11/08/2017 Bağış   304.840561 U74t 1999 017595 11/08/2017 11/08/2017 Books